Statistics for Largest Landlocked Countries in Order

Click here to take the quiz!

General Stats

  • This quiz has been taken 82 times
  • The average score is 21 of 24

Answer Stats

HintAnswer% Correct
2,724,900 km2Kazakhstan
100%
1,564,110 km2Mongolia
99%
1,267,000 km2Niger
97%
1,284,000 km2Chad
96%
1,104,300 km2Ethiopia
94%
1,240,192 km2Mali
94%
752,612 km2Zambia
94%
1,098,581 km2Bolivia
93%
390,757 km2Zimbabwe
93%
619,745 km2South Sudan
90%
488,100 km2Turkmenistan
90%
447,400 km2Uzbekistan
90%
406,752 km2Paraguay
89%
652,230 km2Afghanistan
88%
581,730 km2Botswana
88%
241,550 km2Uganda
88%
622,984 km2Central African Republic
85%
236,800 km2Laos
85%
143,100 km2Tajikistan
83%
199,951 km2Kyrgyzstan
82%
147,181 km2Nepal
82%
274,222 km2Burkina Faso
78%
207,600 km2Belarus
69%
118,484 km2Malawi
65%

Score Distribution

Percentile by Number Answered

Percent of People with Each Score

Your Score History

You have not taken this quiz